Formule 1 - Pays d'origines des pilotes - Statistiques

Statistiques générales
  • Ce quiz a été pris 190 fois
  • Le résultat moyen est 33 sur 39
Réponses sur la Carte
Les réponses sont colorées sur une échelle allant du rouge au vert en fonction du pourcentage des utilisateurs qui les ont devinées à leur premier essai. Vous pouvez retrouver ces pourcentages ci-dessous.
 
Statistiques - réponses
Continents Pays % Correct
Amérique du Nord Canada
99%
Asie Chine
99%
Europe France
99%
Europe Allemagne
98%
Océanie Australie
98%
Europe Espagne
98%
Amérique du Nord États-Unis
98%
Asie Japon
98%
Amérique du Sud Brésil
97%
Europe Italie
97%
Amérique du Nord Mexique
97%
Europe Royaume-Uni
96%
Amérique du Sud Argentine
95%
Europe Russie
94%
Europe Belgique
93%
Europe Portugal
93%
Océanie Nouvelle-Zélande
92%
Europe Finlande
91%
Europe Pays-Bas
91%
Afrique Afrique du Sud
89%
Europe Autriche
89%
Europe Suède
89%
Europe Suisse
88%
Amérique du Sud Colombie
87%
Europe Danemark
87%
Asie Inde
87%
Europe Pologne
87%
Amérique du Sud Chili
84%
Europe Monaco
83%
Europe Irlande
81%
Asie Thaïlande
80%
Europe Hongrie
76%
Amérique du Sud Uruguay
76%
Europe République Tchèque
71%
Amérique du Sud Venezuela
71%
Asie Indonésie
65%
Asie Malaisie
52%
Europe Liechtenstein
33%
Afrique Zimbabwe
26%
Aucun quiz correspondant
Distribution des résultats
% des personnes avec chaque résultat
Percentile par nombre de réponses
Votre historique - résultats
Vous n’avez pas pris ce quiz